01145nam a2200301Ia 450000500170000000800340001702000180005108200160006910000310008524501210011625000220023730000470025949000430030665000190034965000210036865000220038970000260041170000380043770000340047594200120050926400550052133600270057633700330060333800280063604000350066499900150069995201290071420220317000410.0141031s2014 ag a0 sga d s  a978987121754004a551.2bS35t1 aSimonotti, Fernandod1968-10aTerremotos y volcanes para los más curiososcFernando Simonotti y Grabriela Baby ; ilustraciones de Javier Basile aPrimera edición a59 páginasbilustraciones a colorc21 cm aPreguntas que ponen los pelos de punta142LEMBaVolcanes142LEMBaTerremotos142LEMBaGeografía1 aBaby, Gabriela9149481 aBasile, Javiereilustrador9997041 aBaredes, Carlaeeditor999706 2ddccBK aCiudad Autónoma de Buenos AiresbIamiquéc2014 atextobtxt2rdacontent asin mediaciónbn2rdamedia avolumenbnc2rdacarrier aCO-BoRNBPbspaerdacCO-BoRNBP c3930d3930 00102ddc40708GENaMECASARIbMECASARIcREFd2024-11-10l0o551.2-S35tpBM00347r2024-11-10 17:40:46tEj.1w2024-11-10yBK